Acidification in Europe <a> simulation Model for Evaluating Control Strategies

Salvato in:
Dettagli Bibliografici
Natura: Libro
Lingua:inglese
Pubblicazione: Laxenburg International Institute for Applied Systems Analysis 1988
Edizione:1. ed.
Tags: Aggiungi Tag
Nessun Tag, puoi essere il primo ad aggiungerne!!

MARC

LEADER 00000nam a2200000 4500
001 c028010
005 20221219115433.5
041 0 |a eng 
044 |a AT 
245 1 0 |a Acidification in Europe  |b <a> simulation Model for Evaluating Control Strategies 
250 |a 1. ed. 
264 1 |a Laxenburg  |b International Institute for Applied Systems Analysis  |c 1988 
300 |a s. 232-245